000
00265nam a2200109Ia 4500
008
200302s9999 xx 000 0 und d
100
_a
P C Jain
245
_a
Early Indian Architecture
260
_b
Bharatiya Kala Prakahan Delhi
260
_c
2015
300
_a
342 P.,
999
_c
3989
_d
3989